000 00332pam a2200145a 44500
008 230405s2000 xxu||||| |||| 00| 0 eng d
041 _aENG
100 _aRAJARAMAN.V
245 _aFUNDAMENTALS OF COMPUTER
260 _aNEW DELHI
_bPHI LEARNING PUB
_c2000
300 _aP.B,351
650 _aCSE
690 _aCSE
906 _a63
999 _c814258
_d814258